MARC details
| 000 -LEADER |
| fixed length control field |
02347nam a22005777a 4500 |
| 001 - CONTROL NUMBER |
| control field |
11157371 |
| 005 - DATE AND TIME OF LATEST TRANSACTION |
| control field |
20030302154914.0 |
| 008 - FIXED-LENGTH DATA ELEMENTS--GENERAL INFORMATION |
| fixed length control field |
751012c19719999ii br0p f0 a0eng |
| 010 ## - LIBRARY OF CONGRESS CONTROL NUMBER |
| LC control number |
sa 65000415 |
| Canceled/invalid LC control number |
sn 79004661 |
| 022 ## - INTERNATIONAL STANDARD SERIAL NUMBER |
| International Standard Serial Number |
0301-1208 |
| 025 ## - OVERSEAS ACQUISITION NUMBER |
| Overseas acquisition number |
PL480: I-D-E-606 |
| 030 ## - CODEN DESIGNATION |
| CODEN |
IJBBBQ |
| 035 ## - SYSTEM CONTROL NUMBER |
| System control number |
(OCoLC)ocm01696706 |
| 040 ## - CATALOGING SOURCE |
| Original cataloging agency |
DLC |
| Transcribing agency |
MnMULS |
| Modifying agency |
OCoLC |
| -- |
NIC |
| -- |
NSDP |
| -- |
MH |
| -- |
OCoLC |
| -- |
InU |
| -- |
OCoLC |
| -- |
OCoLC |
| -- |
AIP |
| -- |
NST |
| -- |
AIP |
| -- |
DLC |
| -- |
NST |
| -- |
DLC |
| -- |
DNAL |
| -- |
NST |
| -- |
DNAL |
| -- |
DNLM |
| -- |
OCoLC |
| 042 ## - AUTHENTICATION CODE |
| Authentication code |
nsdp |
| -- |
lc |
| 043 ## - GEOGRAPHIC AREA CODE |
| Geographic area code |
a-ii--- |
| 050 ## - LIBRARY OF CONGRESS CALL NUMBER |
| Classification number |
QP501 |
| Item number |
.I42 |
| 060 ## - NATIONAL LIBRARY OF MEDICINE CALL NUMBER |
| Classification number |
W1 |
| Item number |
IN206PR |
| 070 ## - NATIONAL AGRICULTURAL LIBRARY CALL NUMBER |
| Classification number |
QP501 |
| Item number |
.I48 |
| 072 ## - SUBJECT CATEGORY CODE |
| Subject category code |
X300 |
| 082 ## - DEWEY DECIMAL CLASSIFICATION NUMBER |
| Classification number |
574.192 |
| 210 ## - ABBREVIATED TITLE |
| Abbreviated title |
Ind. j. biochem. biophys. |
| 222 ## - KEY TITLE |
| Key title |
Indian journal of biochemistry & biophysics |
| 245 ## - TITLE STATEMENT |
| Title |
Indian journal of biochemistry and biophysics. |
| 246 ## - VARYING FORM OF TITLE |
| Title proper/short title |
Indian journal of biochemistry and biophysics |
| 260 ## - PUBLICATION, DISTRIBUTION, ETC. (IMPRINT) |
| Place of publication, distribution, etc |
New Delhi : |
| Name of publisher, distributor, etc |
Council of Scientific and Industrial Research, |
| Date of publication, distribution, etc |
c1971- |
| 300 ## - PHYSICAL DESCRIPTION |
| Extent |
v. : |
| Other physical details |
ill. ; |
| Dimensions |
29 cm. |
| 310 ## - CURRENT PUBLICATION FREQUENCY |
| Current publication frequency |
Bimonthly, |
| Date of current publication frequency |
1979- |
| 321 ## - FORMER PUBLICATION FREQUENCY |
| Former publication frequency |
Quarterly, |
| -- |
1971-1977 |
| 321 ## - FORMER PUBLICATION FREQUENCY |
| Former publication frequency |
Bimonthly, |
| -- |
Jan.-Oct. 1978 |
| 321 ## - FORMER PUBLICATION FREQUENCY |
| Former publication frequency |
Quarterly, |
| -- |
Dec. 1978 |
| 362 ## - DATES OF PUBLICATION AND/OR SEQUENTIAL DESIGNATION |
| Dates of publication and/or sequential designation |
Vol. 8, no. 1 (Mar. 1971)- |
| 500 ## - GENERAL NOTE |
| General note |
Title from cover. |
| 510 ## - CITATION/REFERENCES NOTE |
| Name of source |
Chemical abstracts |
| International Standard Serial Number |
0009-2258 |
| 550 ## - ISSUING BODY NOTE |
| Issuing body note |
Issued by the Council of Scientific and Industrial Research in association with the Indian National Science Academy and the Society of Biological Chemists (India). |
| 650 ## - SUBJECT ADDED ENTRY--TOPICAL TERM |
| Topical term or geographic name as entry element |
Biochemistry |
| Form subdivision |
Periodicals. |
| 650 ## - SUBJECT ADDED ENTRY--TOPICAL TERM |
| Topical term or geographic name as entry element |
Biochemistry |
| Form subdivision |
Periodicals. |
| 650 ## - SUBJECT ADDED ENTRY--TOPICAL TERM |
| Topical term or geographic name as entry element |
Biophysics |
| Form subdivision |
Periodicals. |
| 710 ## - ADDED ENTRY--CORPORATE NAME |
| Corporate name or jurisdiction name as entry element |
Council of Scientific & Industrial Research (India) |
| 710 ## - ADDED ENTRY--CORPORATE NAME |
| Corporate name or jurisdiction name as entry element |
Indian National Science Academy. |
| 710 ## - ADDED ENTRY--CORPORATE NAME |
| Corporate name or jurisdiction name as entry element |
Society of Biological Chemists (India) |
| 770 ## - SUPPLEMENT/SPECIAL ISSUE ENTRY |
| Main entry heading |
Society of Biological Chemists (India). |
| Title |
Abstracts - Society of Biological Chemists, India |
| Record control number |
(DLC)sn 90012025 |
| -- |
(OCoLC)4746894 |
| 780 ## - PRECEDING ENTRY |
| Title |
Indian journal of biochemistry |
| International Standard Serial Number |
0019-5081 |
| Record control number |
(DLC) 86655104 |
| -- |
(OCoLC)1588143 |
| 270 ## - ADDRESS |
| City |
New Delhi |
| 906 ## - LOCAL DATA ELEMENT F, LDF (RLIN) |
| a |
7 |
| b |
cbc |
| c |
serials |
| d |
u |
| e |
ncip |
| f |
19 |
| g |
n-oclcserc |
| 936 ## - OCLC/CONSER MISCELLANEOUS DATA (OCLC); PIECE USED FOR CATALOGING (pre-AACR2) (RLIN) |
| OCLC control number(s) of parallel record(s) (OCLC); Piece used for cataloging, PUC (RLIN) |
Mar. 1975 |
| 942 ## - ADDED ENTRY ELEMENTS (KOHA) |
| Source of classification or shelving scheme |
Dewey Decimal Classification |
| Item type |
Periodicals |
| Classification part |
574.192 |
| Call number suffix |
IND |
| Serial record |
1 |